My thirteenth winter : (Record no. 5493)

MARC details
000 -LEADER
fixed length control field 00978nam a22002897a 4500
001 - CONTROL NUMBER
control field 5493
003 - CONTROL NUMBER IDENTIFIER
control field FISKH
005 - DATE AND TIME OF LATEST TRANSACTION
control field 20241212122840.0
008 - FIXED-LENGTH DATA ELEMENTS--GENERAL INFORMATION
fixed length control field 241212b cb ||||| |||| 00| 0 eng d
020 ## - INTERNATIONAL STANDARD BOOK NUMBER
International Standard Book Number 9780439339056
040 ## - CATALOGING SOURCE
Original cataloging agency FISKH
Language of cataloging eng
Transcribing agency FISKH
Modifying agency FISKH
050 ## - LIBRARY OF CONGRESS CALL NUMBER
Classification number RJ496.A25
082 ## - DEWEY DECIMAL CLASSIFICATION NUMBER
Classification number 362.19685889
100 ## - MAIN ENTRY--PERSONAL NAME
Personal name Abeel, Samantha
245 ## - TITLE STATEMENT
Title My thirteenth winter :
Remainder of title A memoir /
Statement of responsibility, etc. by Samantha Abeel
250 ## - EDITION STATEMENT
Edition statement This edition was printing , September 2007
260 ## - PUBLICATION, DISTRIBUTION, ETC.
Place of publication, distribution, etc. New York :
Name of publisher, distributor, etc. Scholastic ;
Date of publication, distribution, etc. 2003.
300 ## - PHYSICAL DESCRIPTION
Extent 203 pages :
Other physical details illustrations ;
Dimensions 22 cm .
505 ## - FORMATTED CONTENTS NOTE
Formatted contents note Z <br/>
520 ## - SUMMARY, ETC.
Summary, etc. A memoir in which Samantha Abeel discusses her life before and after being diagnosed with the math-related learning disability discalculia in seventh grade.
521 8# - TARGET AUDIENCE NOTE
Target audience note 1050 <br/>
Source Lexile <br/>
521 8# - TARGET AUDIENCE NOTE
Target audience note Z <br/>
Source Raz-Plus <br/>
650 ## - SUBJECT ADDED ENTRY--TOPICAL TERM
Topical term or geographic name entry element learning disability
Form subdivision Non-fiction
700 ## - ADDED ENTRY--PERSONAL NAME
Personal name Albertson, Kristina
Relator term Book designer
942 ## - ADDED ENTRY ELEMENTS (KOHA)
Source of classification or shelving scheme Dewey Decimal Classification
Koha item type Books
Suppress in OPAC No
Holdings
Withdrawn status Lost status Source of classification or shelving scheme Damaged status Not for loan Collection Home library Current library Shelving location Date acquired Total Checkouts Full call number Barcode Date last seen Price effective from Koha item type
    Dewey Decimal Classification     Non-Fiction Footprints International School Library Network Toul Kork Campus Footprints International School Library Network Toul Kork Campus TTP Secondary Non-Fiction Bookshelves 12/12/2024   ABE 362.19685889 RJ496.A25 FISSE01372 12/12/2024 12/12/2024 Books